000 01261nam a2200289 i 4500
001 bg
245 0 0 _aRuchliwość przestrzenna ludności w okresie przemian ustrojowych :
_bpraca zbiorowa /
_cpod red. Danieli Szymańskiej.
260 _aToruń :
_bUniwersytet Mikołaja Kopernika,
_c199.
300 _a324 s. :
_bil., mapy ;
_c24 cm.
500 _aGł. mater. z międzynarodowej konferencji naukowej, Toruń 8-9 września 1997 r. - Tekst częśc. ang., czes., ros. - Streszcz. ang. przy pracach.
504 _aBibliogr. przy pracach.
650 9 _aMigracje
_xsocjologia
_zEuropa
_yod 1989 r.
650 9 _aMigracje
_xsocjologia
_zPolska
_yod 1989 r.
650 9 _aRuchliwość społeczna
_zEuropa
_yod 1989 r.
650 9 _aRuchliwość społeczna
_zPolska
_yod 1989 r.
650 9 _aTransformacja systemu społeczno-gospodarczego
_xsocjologia
_zEuropa Środkowo-Wschodnia
650 9 _aTransformacja systemu społeczno-gospodarczego
_xsocjologia
_zPolska
655 _aMateriały konferencyjne
700 1 _aSZYMAŃSKA, Daniela.
_eRed.
020 _a8323109559
040 _cBPK
041 0 _aplrucsen
_ben
080 _a314.7:316.44:316.42](438+4)"1989/..."(061)
920 _a83-231-0955-9
942 _cKS
008 s pl f |000 0 pol
999 _c37535
_d37535
856 _uhttp://koha.tu.koszalin.pl/cgi-bin/koha/opac-detail.pl?biblionumber=37535
_yKatalog online BPK